000
00205nam a2200085Ia 4500
008
120527s9999 xx 000 0 und d
100
_a
Wyoming, H. Jackson
245
_a
Achieving price stability
942
_c
BK
999
_c
27098
_d
27098